Khẩu súng đồng

में बचाया:
ग्रंथसूची विवरण
स्वरूप: पुस्तक
भाषा:Undetermined
प्रकाशित: Thành phố Hồ Chí Minh Văn nghệ Thành phố Hồ Chí Minh 1998
विषय:
टैग : टैग जोड़ें
कोई टैग नहीं, इस रिकॉर्ड को टैग करने वाले पहले व्यक्ति बनें!
Thư viện lưu trữ: Trung tâm Học liệu Trường Đại học Cần Thơ
LEADER 00610nam a2200193Ia 4500
001 CTU_37450
008 210402s9999 xx 000 0 und d
020 |c 12000 
082 |a 823 
082 |b Kh125 
245 0 |a Khẩu súng đồng 
245 0 |c Người dịch: Phạm Viêm Phương 
260 |a Thành phố Hồ Chí Minh 
260 |b Văn nghệ Thành phố Hồ Chí Minh 
260 |c 1998 
650 |a English fiction ( vietnamese ),English literature 
650 |y 20th century 
904 |i Huỳnh Mai 
980 |a Trung tâm Học liệu Trường Đại học Cần Thơ